| Tag |
First Indicator |
Second Indicator |
Subfields |
| LEADER |
00000cam a2200000 4500 |
| 001 |
in00000027304 |
| 005 |
20151007061311.0 |
| 008 |
750729c19081901nyu 00010 eng u |
| 010 |
|
|
|a 01025479
|
| 035 |
|
|
|a (OCoLC)01488618
|
| 035 |
|
|
|9 AAD1712AM
|
| 040 |
|
|
|c JPL
|d TXA
|d UtOrBLW
|
| 049 |
|
|
|a TXAM
|c [3443]
|
| 050 |
|
0 |
|a PN1126
|b .G8
|
| 090 |
|
|
|a PN1126
|b .G8 1908
|
| 092 |
|
|
|a 808
|b G974b
|
| 100 |
1 |
|
|a Gummere, Francis Barton,
|d 1855-1919.
|
| 245 |
1 |
4 |
|a The beginnings of poetry /
|c by Francis B. Gummere.
|
| 264 |
|
1 |
|a New York :
|b The Macmillian company;
|a London :
|b Macmillan & co., ltd.,
|c 1908
|
| 264 |
|
4 |
|c [©1901]
|
| 300 |
|
|
|a x pages, 1 ., 483 pages ;
|c 23 cm.
|
| 336 |
|
|
|a text
|b txt
|2 rdacontent
|
| 337 |
|
|
|a unmediated
|b n
|2 rdamedia
|
| 338 |
|
|
|a volume
|b nc
|2 rdacarrier
|
| 650 |
|
0 |
|a Poetry.
|
| 999 |
|
|
|a MARS
|
| 999 |
f |
f |
|s cbf293cf-035f-31bc-8e63-46fb0d006c1d
|i 6314abe1-e9af-3e7b-a493-3dda4a4fa78d
|t 0
|
| 952 |
f |
f |
|p ric
|a Texas A&M University
|b Rellis Campus
|c Joint Library Facility
|d Remote Storage
|t 0
|e PN1126 .G8 1908
|h Library of Congress classification
|i unmediated -- volume
|m A14801193934
|
| 998 |
f |
f |
|a PN1126 .G8 1908
|t 0
|l Remote Storage
|